[Event "XXII. DBMM Schach"]
[Site "Dresden"]
[Date "2024.01.19"]
[Round "4.3"]
[Board "3"]
[White "Schober, Ralf"]
[Black "Wittkowski, Ralf"]
[Result "1-0"]
[WhiteElo "2092"]
[BlackElo "1780"]
[Annotator "br"]
[PlyCount "145"]
[GameId "489223825360"]
[EventDate "2024.01.18"]
[EventType "team-swiss"]
[EventRounds "7"]
[EventCountry "GER"]
[Tiebreak "Buchholz"]
[SourceTitle "XXII. DBMM Schach"]
[Source "FV Schach e.V."]
[SourceDate "2024.01.21"]
[SourceVersion "1"]
[SourceVersionDate "2024.01.21"]
[SourceQuality "1"]
[WhiteTeam "Gardez Robe Berlin"]
[BlackTeam "Gardez Robe Berlin II"]
[WhiteTeamCountry "GER"]
[BlackTeamCountry "GER"]

1. e4 d5 2. Nc3 d4 3. Nce2 e5 4. Ng3 Nf6 5. Nf3 Bd6 6. Bc4 O-O 7. O-O Bd7 8. d3 h6 9. h3 b5 10. Bb3 a5 11. a3 Na6 12. Nh2 Nc5 13. Ba2 Be6 14. Nh5 Bxa2 15. Rxa2 Nxh5 16. Qxh5 Qf6 17. Ra1 Nd7 18. Bd2 Qe6 19. a4 b4 20. b3 f5 21. exf5 Rxf5 22. Qe2 Raf8 23. Rae1 Qf7 24. Ng4 h5 25. Nh2 Nb6 26. Nf3 Qf6 27. Qe4 Nd7 28. Re2 g5 29. Nh2 Qg6 30. g4 hxg4 31. hxg4 R5f6 32. Qxg6+ Rxg6 33. Kg2 Nc5 34. f3 Ne6 35. Rh1 Kg7 36. Nf1 Rh6 37. Rxh6 Kxh6 38. Ng3 Ng7 39. Ne4 Ne6 40. Re1 Kg6 41. Rh1 Be7 42. Kf2 Bf6 43. Be1 Rh8 44. Rxh8 Bxh8 45. Nd2 Nc5 46. Nc4 Nb7 47. Ke2 Kf7 48. Nd2 Nd6 49. Ne4 Bf6 50. Nc5 Bd8 51. Bg3 Kf6 52. Nd7+ Ke6 53. Nxe5 c5 54. Nc4 Nb7 55. f4 Kd5 56. fxg5 Bxg5 57. Bc7 Bd8 58. Bxd8 Nxd8 59. Nxa5 Ne6 60. Kf3 Ng5+ 61. Kg3 Ke5 62. Nc4+ Kd5 63. a5 Ne6 64. Kf3 Nc7 65. Kf4 Ke6 66. Kg5 Kf7 67. Kh6 Kg8 68. g5 Nd5 69. a6 Nc7 70. a7 Na8 71. g6 Kh8 72. g7+ Kg8 73. Nd6 1-0

[Event "XXII. DBMM Schach"]
[Site "Dresden"]
[Date "2024.01.19"]
[Round "4.1"]
[Board "1"]
[White "Hund, Sarah"]
[Black "Damm, Nils"]
[Result "0-1"]
[WhiteElo "2015"]
[BlackElo "1967"]
[Annotator "br"]
[PlyCount "54"]
[GameId "489223825362"]
[EventDate "2024.01.18"]
[EventType "team-swiss"]
[EventRounds "7"]
[EventCountry "GER"]
[Tiebreak "Buchholz"]
[SourceTitle "XXII. DBMM Schach"]
[Source "FV Schach e.V."]
[SourceDate "2024.01.21"]
[SourceVersion "1"]
[SourceVersionDate "2024.01.21"]
[SourceQuality "1"]
[WhiteTeam "SV Sparkassenversicherung Suttgart"]
[BlackTeam "DZ Bank Frankfurt"]
[WhiteTeamCountry "GER"]
[BlackTeamCountry "GER"]

1. e4 d5 2. exd5 Qxd5 3. Nc3 Qd6 4. Bc4 Nf6 5. d3 c6 6. Nge2 Bf5 7. O-O e6 8. Ng3 Bg6 9. f4 Qc5+ 10. Kh1 h5 11. f5 exf5 12. Be3 Qa5 13. Qe2 Kd8 14. Rfe1 Bd6 15. Bg5 Nbd7 16. d4 h4 17. Nf1 Kc7 18. Qd2 Qb4 19. Ne3 a5 20. a3 Qb6 21. d5 f4 22. Na4 Ne4 23. Qc1 Qa7 24. dxc6 bxc6 25. Bxf4 Bxf4 26. Nd5+ Kd8 27. Qxf4 Nf2+ 0-1

[Event "XXII. DBMM Schach"]
[Site "Dresden"]
[Date "2024.01.19"]
[Round "4.2"]
[Board "2"]
[White "Garbe, Maximilian"]
[Black "Schimmele, Alexander"]
[Result "1-0"]
[WhiteElo "1920"]
[BlackElo "1969"]
[Annotator "br"]
[PlyCount "111"]
[GameId "489223825363"]
[EventDate "2024.01.18"]
[EventType "team-swiss"]
[EventRounds "7"]
[EventCountry "GER"]
[Tiebreak "Buchholz"]
[SourceTitle "XXII. DBMM Schach"]
[Source "FV Schach e.V."]
[SourceDate "2024.01.21"]
[SourceVersion "1"]
[SourceVersionDate "2024.01.21"]
[SourceQuality "1"]
[WhiteTeam "DZ Bank Frankfurt"]
[BlackTeam "SV Sparkassenversicherung Suttgart"]
[WhiteTeamCountry "GER"]
[BlackTeamCountry "GER"]

1. e4 c5 2. Nf3 Nc6 3. Bb5 e6 4. Nc3 a6 5. Bxc6 bxc6 6. e5 Nh6 7. d3 Nf5 8. Bg5 Be7 9. Bxe7 Qxe7 10. Ne4 Rb8 11. b3 f6 12. g4 Nd4 13. Nd6+ Kf8 14. Nxd4 cxd4 15. Qf3 Kg8 16. Qe4 fxe5 17. Qxe5 Qf6 18. f4 Qh4+ 19. Kd2 Qf2+ 20. Kc1 Qe3+ 21. Kb2 h6 22. Rae1 Qxe5 23. fxe5 c5 24. Rhf1 Bb7 25. Rf7 Bc6 26. Ref1 Kh7 27. h4 Rhd8 28. Kc1 Kg8 29. g5 Rf8 30. g6 Rbd8 31. R1f2 Bd5 32. Kd2 Bc6 33. Ke2 Bd5 34. Rf1 Bg2 35. Rg1 Bh3 36. Nb7 Rc8 37. Nd6 Rcd8 38. Nb7 Rc8 39. Rg3 Bf5 40. Rxd7 h5 41. Nd6 Bg4+ 42. Rxg4 hxg4 43. Nxc8 g3 44. Rf7 Rxc8 45. Kf3 Rf8 46. Rxf8+ Kxf8 47. Kxg3 Ke7 48. Kg4 Ke8 49. h5 Kf8 50. Kg5 Kg8 51. h6 a5 52. hxg7 Kxg7 53. Kh5 Kg8 54. Kh6 Kh8 55. g7+ Kg8 56. a4 1-0

[Event "XXII. DBMM Schach"]
[Site "Dresden"]
[Date "2024.01.19"]
[Round "4.3"]
[Board "3"]
[White "Kecker, Christopher"]
[Black "Bluemer, Timo"]
[Result "0-1"]
[WhiteElo "1564"]
[BlackElo "1200"]
[Annotator "br"]
[PlyCount "46"]
[GameId "489223825364"]
[EventDate "2024.01.18"]
[EventType "team-swiss"]
[EventRounds "7"]
[EventCountry "GER"]
[Tiebreak "Buchholz"]
[SourceTitle "XXII. DBMM Schach"]
[Source "FV Schach e.V."]
[SourceDate "2024.01.21"]
[SourceVersion "1"]
[SourceVersionDate "2024.01.21"]
[SourceQuality "1"]
[WhiteTeam "SV Sparkassenversicherung Suttgart"]
[BlackTeam "DZ Bank Frankfurt"]
[WhiteTeamCountry "GER"]
[BlackTeamCountry "GER"]

1. d4 Nf6 2. Nf3 e6 3. c4 b6 4. g3 Bb7 5. Bg2 c5 6. O-O Be7 7. e3 O-O 8. b3 d5 9. Nbd2 Nc6 10. Bb2 Qc8 11. Ne5 Qc7 12. Nxc6 Bxc6 13. Rc1 dxc4 14. Bxc6 Qxc6 15. Nxc4 Qb7 16. Qe2 Rfd8 17. Ne5 Ne4 18. Qg4 Ng5 19. f4 Ne4 20. f5 exf5 21. Qxf5 Bf6 22. Ng4 Bg5 23. h4 Nxg3 0-1

[Event "XXII. DBMM Schach"]
[Site "Dresden"]
[Date "2024.01.19"]
[Round "4.4"]
[Board "4"]
[White "Diehl, Stefan"]
[Black "Zeger, Detlef"]
[Result "1-0"]
[WhiteElo "1830"]
[BlackElo "1200"]
[Annotator "br"]
[PlyCount "41"]
[GameId "489223825365"]
[EventDate "2024.01.18"]
[EventType "team-swiss"]
[EventRounds "7"]
[EventCountry "GER"]
[Tiebreak "Buchholz"]
[SourceTitle "XXII. DBMM Schach"]
[Source "FV Schach e.V."]
[SourceDate "2024.01.21"]
[SourceVersion "1"]
[SourceVersionDate "2024.01.21"]
[SourceQuality "1"]
[WhiteTeam "DZ Bank Frankfurt"]
[BlackTeam "SV Sparkassenversicherung Suttgart"]
[WhiteTeamCountry "GER"]
[BlackTeamCountry "GER"]

1. f4 d6 2. Nf3 Nc6 3. e4 Bg4 4. Bb5 Qd7 5. h3 Bxf3 6. Qxf3 O-O-O 7. d3 f5 8. exf5 Qxf5 9. Bxc6 bxc6 10. Qxc6 e5 11. O-O Ne7 12. Qa8+ Kd7 13. Qxa7 Nd5 14. Qa4+ Ke7 15. fxe5 Qxe5 16. Nc3 Nxc3 17. Bg5+ Qxg5 18. Rae1+ Qe5 19. Rxe5+ dxe5 20. bxc3 g6 21. Qc6 1-0

[Event "XXII. DBMM Schach"]
[Site "Dresden"]
[Date "2024.01.19"]
[Round "4.1"]
[Board "1"]
[White "Grabow, Carsten"]
[Black "Varain, Ernst Helmuth"]
[Result "0-1"]
[WhiteElo "2067"]
[BlackElo "2019"]
[Annotator "br"]
[PlyCount "62"]
[GameId "489223825366"]
[EventDate "2024.01.18"]
[EventType "team-swiss"]
[EventRounds "7"]
[EventCountry "GER"]
[Tiebreak "Buchholz"]
[SourceTitle "XXII. DBMM Schach"]
[Source "FV Schach e.V."]
[SourceDate "2024.01.21"]
[SourceVersion "1"]
[SourceVersionDate "2024.01.21"]
[SourceQuality "1"]
[WhiteTeam "d-fine Frankfurt II"]
[BlackTeam "BWVL Hamburg"]
[WhiteTeamCountry "GER"]
[BlackTeamCountry "GER"]

1. e4 e5 2. Nf3 Nc6 3. d4 exd4 4. Nxd4 Bc5 5. Be3 Qf6 6. Nb5 Bxe3 7. fxe3 Qh4+ 8. g3 Qxe4 9. Nxc7+ Kd8 10. Nxa8 Nf6 11. Bg2 Qxg2 12. Rf1 Qxh2 13. Rxf6 gxf6 14. Qf3 Rg8 15. Qxf6+ Ne7 16. Qxf7 Qxg3+ 17. Ke2 b6 18. Nd2 Qg2+ 19. Kd3 Qxa8 20. c4 Qg2 21. Qf4 Qg5 22. Qb8 Nc6 23. Qh2 Qg6+ 24. Kc3 Re8 25. e4 Bb7 26. Re1 Qg7+ 27. Kc2 Qd4 28. a3 Ne5 29. Qe2 Rf8 30. Rf1 Rxf1 31. Qxf1 Bxe4+ 0-1

[Event "XXII. DBMM Schach"]
[Site "Dresden"]
[Date "2024.01.19"]
[Round "4.2"]
[Board "2"]
[White "Felten, Joachim"]
[Black "Goeppl, Florian"]
[Result "1/2-1/2"]
[WhiteElo "2096"]
[BlackElo "2022"]
[Annotator "br"]
[PlyCount "60"]
[GameId "489223825367"]
[EventDate "2024.01.18"]
[EventType "team-swiss"]
[EventRounds "7"]
[EventCountry "GER"]
[Tiebreak "Buchholz"]
[SourceTitle "XXII. DBMM Schach"]
[Source "FV Schach e.V."]
[SourceDate "2024.01.21"]
[SourceVersion "1"]
[SourceVersionDate "2024.01.21"]
[SourceQuality "1"]
[WhiteTeam "BWVL Hamburg"]
[BlackTeam "d-fine Frankfurt II"]
[WhiteTeamCountry "GER"]
[BlackTeamCountry "GER"]

1. e4 c5 2. Nf3 d6 3. d4 cxd4 4. Nxd4 Nf6 5. Nc3 g6 6. Be3 Bg7 7. f3 O-O 8. Bc4 Nc6 9. Qd2 Nxd4 10. Bxd4 Be6 11. Bb3 Qa5 12. O-O-O b5 13. Kb1 b4 14. Nd5 Bxd5 15. exd5 Qb5 16. c4 bxc3 17. Bxc3 a5 18. Qd3 Qxd3+ 19. Rxd3 a4 20. Bc4 Rfc8 21. Bb5 a3 22. Bxf6 Bxf6 23. Rxa3 Rxa3 24. bxa3 Rc5 25. Bc6 Rc3 26. a4 Rd3 27. Rc1 Rd2 28. Rc2 Rd1+ 29. Rc1 Rd2 30. Rc2 Rd1+ 1/2-1/2

[Event "XXII. DBMM Schach"]
[Site "Dresden"]
[Date "2024.01.19"]
[Round "4.3"]
[Board "3"]
[White "Broeker, Yannic"]
[Black "Limbach, Torsten"]
[Result "1/2-1/2"]
[WhiteElo "1829"]
[BlackElo "1980"]
[Annotator "br"]
[PlyCount "63"]
[GameId "489223825368"]
[EventDate "2024.01.18"]
[EventType "team-swiss"]
[EventRounds "7"]
[EventCountry "GER"]
[Tiebreak "Buchholz"]
[SourceTitle "XXII. DBMM Schach"]
[Source "FV Schach e.V."]
[SourceDate "2024.01.21"]
[SourceVersion "1"]
[SourceVersionDate "2024.01.21"]
[SourceQuality "1"]
[WhiteTeam "d-fine Frankfurt II"]
[BlackTeam "BWVL Hamburg"]
[WhiteTeamCountry "GER"]
[BlackTeamCountry "GER"]

1. Nf3 d5 2. d4 Nf6 3. c4 c6 4. e3 a6 5. b3 Bg4 6. Bd3 e6 7. O-O Bd6 8. Bb2 Qe7 9. Nbd2 Ba3 10. Bxa3 Qxa3 11. Qc2 Bxf3 12. Nxf3 Qe7 13. e4 dxe4 14. Bxe4 Nxe4 15. Qxe4 Nd7 16. Rfe1 Nf6 17. Qe5 Rd8 18. Rad1 Qd6 19. Qg5 O-O 20. c5 Qe7 21. Ne5 Nd5 22. Qg3 Qf6 23. Re4 Qf5 24. Rde1 Kh8 25. Nc4 Qf6 26. a3 Rd7 27. h4 Rfd8 28. Ne5 Re7 29. h5 h6 30. Rg4 Rg8 31. Rd1 Qf5 32. Qh4 1/2-1/2

[Event "XXII. DBMM Schach"]
[Site "Dresden"]
[Date "2024.01.19"]
[Round "4.4"]
[Board "4"]
[White "Hartmann, Jens"]
[Black "Sterin, Andrei"]
[Result "0-1"]
[WhiteElo "1817"]
[BlackElo "1400"]
[Annotator "br"]
[PlyCount "74"]
[GameId "489223825369"]
[EventDate "2024.01.18"]
[EventType "team-swiss"]
[EventRounds "7"]
[EventCountry "GER"]
[Tiebreak "Buchholz"]
[SourceTitle "XXII. DBMM Schach"]
[Source "FV Schach e.V."]
[SourceDate "2024.01.21"]
[SourceVersion "1"]
[SourceVersionDate "2024.01.21"]
[SourceQuality "1"]
[WhiteTeam "BWVL Hamburg"]
[BlackTeam "d-fine Frankfurt II"]
[WhiteTeamCountry "GER"]
[BlackTeamCountry "GER"]

1. e4 c5 2. Nf3 d6 3. Bc4 Nf6 4. d3 g6 5. h3 Bg7 6. Nc3 O-O 7. O-O Nc6 8. a3 Bd7 9. Ne2 a6 10. c3 b5 11. Ba2 Qc7 12. Rb1 b4 13. cxb4 cxb4 14. Be3 a5 15. Qd2 Rab8 16. Bc4 b3 17. Rfc1 a4 18. Nfd4 Qb7 19. Nxc6 Bxc6 20. Nd4 Bd7 21. Ne2 e6 22. e5 dxe5 23. Ng3 Nd5 24. Bh6 Bxh6 25. Qxh6 Nf4 26. f3 Qb6+ 27. Kh2 Qf2 28. Rg1 f5 29. Qg5 Rf7 30. Nh1 Qd4 31. Rgd1 Bb5 32. g3 Nd5 33. Bxb5 Rxb5 34. h4 Rc5 35. Rd2 f4 36. Nf2 Rc2 37. Rbd1 Ne3 0-1

[Event "XXII. DBMM Schach"]
[Site "Dresden"]
[Date "2024.01.19"]
[Round "4.1"]
[Board "1"]
[White "Raum, Norbert"]
[Black "Hilbig, Olaf"]
[Result "1/2-1/2"]
[WhiteElo "1842"]
[BlackElo "2035"]
[Annotator "br"]
[PlyCount "97"]
[GameId "489223825370"]
[EventDate "2024.01.18"]
[EventType "team-swiss"]
[EventRounds "7"]
[EventCountry "GER"]
[Tiebreak "Buchholz"]
[SourceTitle "XXII. DBMM Schach"]
[Source "FV Schach e.V."]
[SourceDate "2024.01.21"]
[SourceVersion "1"]
[SourceVersionDate "2024.01.21"]
[SourceQuality "1"]
[WhiteTeam "BA Nord/Baubehoerde Hamburg II"]
[BlackTeam "BSG Commerzbank Frankfurt"]
[WhiteTeamCountry "GER"]
[BlackTeamCountry "GER"]

1. Nf3 d5 2. g3 e6 3. Bg2 f5 4. d4 Nf6 5. c4 c6 6. cxd5 exd5 7. Nc3 Bd6 8. Qc2 O-O 9. Bg5 h6 10. Bxf6 Qxf6 11. e3 Nd7 12. O-O Qf7 13. a3 Nf6 14. b4 a6 15. Na4 Be6 16. Nc5 Ne4 17. Nd2 g5 18. f3 Nxd2 19. Qxd2 f4 20. exf4 Bxc5 21. bxc5 gxf4 22. Rfe1 Rae8 23. Re5 Qg6 24. Qf2 fxg3 25. Qxg3 Qxg3 26. hxg3 Bf5 27. Rae1 Rb8 28. g4 Bg6 29. Re7 Rf4 30. Rd1 b5 31. Re6 Be8 32. Rxh6 b4 33. axb4 Rxb4 34. Kf2 Rfxd4 35. Rxd4 Rxd4 36. Ke3 Rc4 37. Bf1 Rxc5 38. Bxa6 Kg7 39. Rd6 Kf7 40. g5 Ra5 41. Bd3 Ke7 42. Rh6 Ra3 43. Kd2 Ra2+ 44. Ke3 Ra3 45. f4 c5 46. Kd2 Ra2+ 47. Ke3 Ra3 48. Rh7+ Kd6 49. Rh6+ 1/2-1/2

[Event "XXII. DBMM Schach"]
[Site "Dresden"]
[Date "2024.01.19"]
[Round "4.2"]
[Board "2"]
[White "Piepenburg, Rolf"]
[Black "Kaliski, Achim"]
[Result "1/2-1/2"]
[WhiteElo "2013"]
[BlackElo "1950"]
[Annotator "fb"]
[PlyCount "31"]
[GameId "489223825371"]
[EventDate "2024.01.18"]
[EventType "team-swiss"]
[EventRounds "7"]
[EventCountry "GER"]
[Tiebreak "Buchholz"]
[SourceTitle "XXII. DBMM Schach"]
[Source "FV Schach e.V."]
[SourceDate "2024.01.21"]
[SourceVersion "1"]
[SourceVersionDate "2024.01.21"]
[SourceQuality "1"]
[WhiteTeam "BSG Commerzbank Frankfurt"]
[BlackTeam "BA Nord/Baubehoerde Hamburg II"]
[WhiteTeamCountry "GER"]
[BlackTeamCountry "GER"]

1. Nf3 f5 2. g3 g6 3. d4 Nf6 4. Bg2 Bg7 5. c4 d6 6. O-O O-O 7. Nc3 Nc6 8. d5 Ne5 9. Qb3 e6 10. Nxe5 dxe5 11. dxe6 c6 12. Qc2 e4 13. b3 Qe7 14. Bb2 Bxe6 15. Rad1 Rad8 16. Rxd8 1/2-1/2

[Event "XXII. DBMM Schach"]
[Site "Dresden"]
[Date "2024.01.19"]
[Round "4.3"]
[Board "3"]
[White "Lindemann, Thomas"]
[Black "Heuermann, Heinz Burkhard"]
[Result "0-1"]
[WhiteElo "1537"]
[BlackElo "1793"]
[Annotator "br"]
[PlyCount "40"]
[GameId "489223825372"]
[EventDate "2024.01.18"]
[EventType "team-swiss"]
[EventRounds "7"]
[EventCountry "GER"]
[Tiebreak "Buchholz"]
[SourceTitle "XXII. DBMM Schach"]
[Source "FV Schach e.V."]
[SourceDate "2024.01.21"]
[SourceVersion "1"]
[SourceVersionDate "2024.01.21"]
[SourceQuality "1"]
[WhiteTeam "BA Nord/Baubehoerde Hamburg II"]
[BlackTeam "BSG Commerzbank Frankfurt"]
[WhiteTeamCountry "GER"]
[BlackTeamCountry "GER"]

1. e4 c5 2. Nf3 e6 3. Bc4 a6 4. a4 d5 5. exd5 exd5 6. Qe2+ Be7 7. Ba2 Nf6 8. O-O O-O 9. d3 Nc6 10. Bf4 Nh5 11. Bg3 Nxg3 12. fxg3 Bf6 13. c3 Re8 14. Qd1 d4 15. c4 Nb4 16. Nbd2 Nxd3 17. Nb3 Re3 18. Bb1 Nxb2 19. Qc2 Nxc4 20. Qxc4 Rc3 0-1

[Event "XXII. DBMM Schach"]
[Site "Dresden"]
[Date "2024.01.19"]
[Round "4.4"]
[Board "4"]
[White "Gebhardt, Christian"]
[Black "Mahler, Sonja"]
[Result "1-0"]
[WhiteElo "1842"]
[BlackElo "1428"]
[Annotator "br"]
[PlyCount "72"]
[GameId "489223825373"]
[EventDate "2024.01.18"]
[EventType "team-swiss"]
[EventRounds "7"]
[EventCountry "GER"]
[Tiebreak "Buchholz"]
[SourceTitle "XXII. DBMM Schach"]
[Source "FV Schach e.V."]
[SourceDate "2024.01.21"]
[SourceVersion "1"]
[SourceVersionDate "2024.01.21"]
[SourceQuality "1"]
[WhiteTeam "BSG Commerzbank Frankfurt"]
[BlackTeam "BA Nord/Baubehoerde Hamburg II"]
[WhiteTeamCountry "GER"]
[BlackTeamCountry "GER"]

1. e4 c6 2. Nc3 e5 3. d4 Qc7 4. dxe5 Qxe5 5. Nf3 Qc5 6. Bd2 Qb6 7. Na4 Qc7 8. Bd3 b5 9. Nc3 Na6 10. O-O Nc5 11. Qe2 b4 12. Nd1 a5 13. Bc4 h6 14. Re1 d6 15. a3 bxa3 16. Rxa3 Ne6 17. Ra1 Nf6 18. b4 a4 19. Nc3 a3 20. Nb1 d5 21. exd5 cxd5 22. Bb5+ Kd8 23. Rxa3 Rb8 24. c3 Bd6 25. Ra5 g5 26. g3 Rg8 27. Na3 Ne4 28. c4 Nf4 29. Bxf4 gxf4 30. cxd5 Bf5 31. Nd4 Bh7 32. Nc6+ Kc8 33. Ra7 Rb7 34. Ra8+ Kd7 35. Rxg8 Bxg8 36. Qc4 Qc8 1-0

[Event "XXII. DBMM Schach"]
[Site "Dresden"]
[Date "2024.01.19"]
[Round "4.1"]
[Board "1"]
[White "Guder, Sibylle"]
[Black "Warnest, Stefan"]
[Result "1-0"]
[WhiteElo "1822"]
[BlackElo "1569"]
[Annotator "br"]
[PlyCount "41"]
[GameId "489223825374"]
[EventDate "2024.01.18"]
[EventType "team-swiss"]
[EventRounds "7"]
[EventCountry "GER"]
[Tiebreak "Buchholz"]
[SourceTitle "XXII. DBMM Schach"]
[Source "FV Schach e.V."]
[SourceDate "2024.01.21"]
[SourceVersion "1"]
[SourceVersionDate "2024.01.21"]
[SourceQuality "1"]
[WhiteTeam "BA Tempelhof Berlin III"]
[BlackTeam "BA Tempelhof Berlin IV"]
[WhiteTeamCountry "GER"]
[BlackTeamCountry "GER"]

1. c4 e5 2. g3 c6 3. Nf3 e4 4. Nd4 Nf6 5. Bg2 d5 6. cxd5 cxd5 7. O-O Bc5 8. Nc2 O-O 9. d3 Nc6 10. Nc3 Re8 11. dxe4 dxe4 12. Qxd8 Nxd8 13. Bg5 Bf5 14. Bxf6 gxf6 15. Nd5 Kf8 16. Nc7 Nc6 17. Nxa8 Rxa8 18. Rad1 Rd8 19. Rxd8+ Nxd8 20. Rd1 Nc6 21. Rd5 1-0

[Event "XXII. DBMM Schach"]
[Site "Dresden"]
[Date "2024.01.19"]
[Round "4.2"]
[Board "2"]
[White "Wolf, Wilfried"]
[Black "Schmidt, Joerg"]
[Result "0-1"]
[WhiteElo "1695"]
[BlackElo "1992"]
[Annotator "br"]
[PlyCount "104"]
[GameId "489223825376"]
[EventDate "2024.01.18"]
[EventType "team-swiss"]
[EventRounds "7"]
[EventCountry "GER"]
[Tiebreak "Buchholz"]
[SourceTitle "XXII. DBMM Schach"]
[Source "FV Schach e.V."]
[SourceDate "2024.01.21"]
[SourceVersion "1"]
[SourceVersionDate "2024.01.21"]
[SourceQuality "1"]
[WhiteTeam "BA Tempelhof Berlin IV"]
[BlackTeam "BA Tempelhof Berlin III"]
[WhiteTeamCountry "GER"]
[BlackTeamCountry "GER"]

1. e4 c5 2. Nf3 e6 3. d4 cxd4 4. Nxd4 Bc5 5. Nb3 Bb6 6. Bd3 Ne7 7. O-O O-O 8. Qe2 d5 9. exd5 Nxd5 10. Bd2 Nc6 11. Be4 Re8 12. c4 Nde7 13. Bxc6 Nxc6 14. Rd1 Qe7 15. Be3 Bxe3 16. Qxe3 e5 17. Na3 Be6 18. Qc5 Rac8 19. Qxe7 Nxe7 20. Nd2 Nf5 21. b3 Nd4 22. Kf1 a6 23. Ne4 Red8 24. Rac1 Bf5 25. Re1 f6 26. f3 Bg6 27. Nb1 b5 28. Nbd2 Ne6 29. c5 Nf4 30. Rc2 f5 31. Nf2 Rd5 32. b4 Kf7 33. Nb3 Kf6 34. Rec1 Ne6 35. c6 Ke7 36. Na5 Nd4 37. Rc3 Be8 38. Rc5 Ke6 39. Nd3 Rxc5 40. Rxc5 Bxc6 41. Rxe5+ Kd6 42. Rc5 Bd7 43. Nb7+ Ke7 44. Rxc8 Bxc8 45. Nbc5 Kd6 46. Kf2 Nc6 47. Nb3 Be6 48. Nbc1 Bc4 49. f4 Kd5 50. Ke2 Nxb4 51. a3 Nxd3 52. Nxd3 Kd4 0-1

[Event "XXII. DBMM Schach"]
[Site "Dresden"]
[Date "2024.01.19"]
[Round "4.4"]
[Board "4"]
[White "Meseck, Michael"]
[Black "Schneider, Eckehard"]
[Result "0-1"]
[WhiteElo "1487"]
[BlackElo "1797"]
[Annotator "br"]
[PlyCount "68"]
[GameId "489223825378"]
[EventDate "2024.01.18"]
[EventType "team-swiss"]
[EventRounds "7"]
[EventCountry "GER"]
[Tiebreak "Buchholz"]
[SourceTitle "XXII. DBMM Schach"]
[Source "FV Schach e.V."]
[SourceDate "2024.01.21"]
[SourceVersion "1"]
[SourceVersionDate "2024.01.21"]
[SourceQuality "1"]
[WhiteTeam "BA Tempelhof Berlin IV"]
[BlackTeam "BA Tempelhof Berlin III"]
[WhiteTeamCountry "GER"]
[BlackTeamCountry "GER"]

1. d4 Nf6 2. c4 g6 3. Nc3 Bg7 4. Nf3 O-O 5. e4 d6 6. Qc2 Bg4 7. Be2 Nc6 8. d5 Bxf3 9. Bxf3 Nd4 10. Qd1 e5 11. dxe6 Nxf3+ 12. Qxf3 fxe6 13. Qd3 Ng4 14. O-O Qh4 15. Qg3 Qxg3 16. hxg3 Nxf2 17. Nb5 Nxe4 18. Rxf8+ Rxf8 19. Nxc7 Bd4+ 20. Kh2 Rf1 21. Nxe6 Nf2 22. g4 Be5+ 23. g3 Nd3 24. Kg2 Rxc1 25. Rxc1 Nxc1 26. b4 Nxa2 27. b5 a5 28. b6 a4 29. c5 Nb4 30. cxd6 Bxd6 31. Nd8 Bc5 32. Nxb7 Bxb6 33. Nd6 a3 34. Nc4 a2 0-1

[Event "XXII. DBMM Schach"]
[Site "Dresden"]
[Date "2024.01.19"]
[Round "4.1"]
[Board "1"]
[White "Scholz, Philipp"]
[Black "Fromme, Thorben"]
[Result "1-0"]
[WhiteElo "1969"]
[BlackElo "1700"]
[Annotator "fb"]
[PlyCount "47"]
[GameId "489223825379"]
[EventDate "2024.01.18"]
[EventType "team-swiss"]
[EventRounds "7"]
[EventCountry "GER"]
[Tiebreak "Buchholz"]
[SourceTitle "XXII. DBMM Schach"]
[Source "FV Schach e.V."]
[SourceDate "2024.01.21"]
[SourceVersion "1"]
[SourceVersionDate "2024.01.21"]
[SourceQuality "1"]
[WhiteTeam "BSG Commerzbank Frankfurt II"]
[BlackTeam "DZ Bank Frankfurt II"]
[WhiteTeamCountry "GER"]
[BlackTeamCountry "GER"]

1. d4 d5 2. Nf3 Nf6 3. Bf4 c6 4. e3 e6 5. c4 Bd6 6. Bg3 Ne4 7. Nc3 Nxg3 8. hxg3 Nd7 9. Qc2 Nf6 10. c5 Be7 11. b4 a6 12. a4 Bd7 13. Bd3 g6 14. Ne5 O-O 15. Ne2 Be8 16. Nf4 Kg7 17. Ke2 Qc8 18. Rh2 Nd7 19. Rah1 Nxe5 20. Rxh7+ Kf6 21. dxe5+ Kg5 22. Nh3+ Kg4 23. Be4 dxe4 24. Qxe4# 1-0

[Event "XXII. DBMM Schach"]
[Site "Dresden"]
[Date "2024.01.19"]
[Round "4.2"]
[Board "2"]
[White "Elpelt, Silvia"]
[Black "Vossen, Dieter"]
[Result "1/2-1/2"]
[WhiteElo "1483"]
[BlackElo "1758"]
[Annotator "br"]
[PlyCount "99"]
[GameId "489223825380"]
[EventDate "2024.01.18"]
[EventType "team-swiss"]
[EventRounds "7"]
[EventCountry "GER"]
[Tiebreak "Buchholz"]
[SourceTitle "XXII. DBMM Schach"]
[Source "FV Schach e.V."]
[SourceDate "2024.01.21"]
[SourceVersion "1"]
[SourceVersionDate "2024.01.21"]
[SourceQuality "1"]
[WhiteTeam "DZ Bank Frankfurt II"]
[BlackTeam "BSG Commerzbank Frankfurt II"]
[WhiteTeamCountry "GER"]
[BlackTeamCountry "GER"]

1. e4 d5 2. exd5 Qxd5 3. Nc3 Qa5 4. Nf3 Bg4 5. Be2 Bxf3 6. Bxf3 Qe5+ 7. Qe2 Qxe2+ 8. Nxe2 c6 9. O-O Nd7 10. d4 Ngf6 11. Bf4 Nb6 12. c3 Nfd5 13. Bxd5 Nxd5 14. Bg3 O-O-O 15. Rad1 e6 16. Nf4 Nxf4 17. Bxf4 Bd6 18. Be3 b6 19. Rfe1 Rd7 20. Rd2 Rhd8 21. Red1 f5 22. f4 c5 23. d5 exd5 24. g3 Be7 25. Kf1 Bf6 26. Ke2 d4 27. cxd4 Bxd4 28. Bxd4 cxd4 29. Rc1+ Kb7 30. Kd3 g6 31. b3 b5 32. a3 Kb6 33. Re2 h6 34. Re6+ Rd6 35. Rce1 Rc6 36. Rxc6+ Kxc6 37. Re6+ Rd6 38. Rxd6+ Kxd6 39. Kxd4 g5 40. h3 gxf4 41. gxf4 a5 42. h4 h5 43. Kc3 Kc5 44. b4+ axb4+ 45. axb4+ Kc6 46. Kd4 Kd6 47. Ke3 Kc6 48. Kd4 Kd6 49. Ke3 Kd5 50. Kd3 1/2-1/2